Marija Hapak vperse

Bibliographic Details
Main Author: Petrušinský, Vasiľ (Author)
Format: Article
Language:Ukrainian
Subjects:

MARC

LEADER 00000nab a2200000 a 4500
001 vtls000330470
003 SK-MaSNL
005 20260319073958.0
008 180130c1988 xo 0 ukr
015 |a SNBRB19rr/mm-uuuuu 
035 |a CL0330592 
040 |a SNKBUCL  |b slo  |c SNKBUCL  |e AACR2 
041 |a ukr 
044 |a xo  |c SK 
080 |a 75.077:061.4  |2 1981 
080 |a 061.4  |2 1981 
080 |a 929 Hapáková, Mária  |2 1981 
100 1 |a Petrušinský, Vasiľ  |4 aut  |9 935243 
245 1 0 |a Marija Hapak vperse  |c Vasyl' Petrušyns'kyj 
600 1 7 |a Hapáková, Mária,  |d 1963-  |x výstavy  |2 snkbucl  |9 978890 
648 7 |a 1988  |2 snkbucl  |9 280250 
651 7 |a Prešov (Slovensko)  |2 snkbucl  |9 17347 
655 7 |a články z novín a časopisov  |2 snkbucl  |9 267496 
773 0 |t Nove žyttja  |g Roč. 38, č. 27 (1988), s. 2 
850 |a Slovenská národná knižnica v Martine  |a MTA001 
852 |a SNK  |b KIS3GCP 
958 |a RK 
958 |a UK 
992 |a RBX 
999 |c 1567549  |d 1569479